LEADER 01330nam2-2200421---450- 001 990002400300203316 005 20090302151216.0 010 $a88-86864-50-7 035 $a000240030 035 $aUSA01000240030 035 $a(ALEPH)000240030USA01 035 $a000240030 100 $a20050217d2003----km-y0itay50------ba 101 0 $aita 102 $aIT 105 $ay|||z|||001yy 200 1 $a<<1>>: Narrativa$fMarina Foschi Albert 205 $a2. ed 210 $a[Bari]$cB. A. Graphis$d2003 215 $aVII, 195 p.$d20 cm 225 2 $a<> strumenti$iSerie turchese$v1 410 0$12001$a<> strumenti$iSerie turchese$v1 461 0$1001000130060$12001$aGeneri letterari 606 0 $aGeneri letterari$2BNCF 676 $a808 700 1$aFOSCHI ALBERT,$bMarina$043762 801 0$aIT$bsalbc$gISBD 912 $a990002400300203316 951 $aVIII.3. 1129/1(V C 2177)$b178300 L.M.$cVIII.3.$d00115957 951 $aVIII.3. 1129/1a(V C 2177 BIS)$b178301 L.M.$cVIII.3.$d00115956 951 $aVIII.3. 1129/1b(V C 2177 A)$b178302 L.M.$cVIII.3.$d00115963 959 $aBK 969 $aUMA 979 $aMARIASEN$b90$c20050217$lUSA01$h1850 979 $aCOPAT6$b90$c20060310$lUSA01$h1511 979 $aANNAMARIA$b90$c20090302$lUSA01$h1512 996 $aNarrativa$91065640 997 $aUNISA LEADER 01485nam--2200481---450- 001 990001601510203316 005 20090406135318.0 010 $a88-238-2011-1 035 $a000160151 035 $aUSA01000160151 035 $a(ALEPH)000160151USA01 035 $a000160151 100 $a20040426d2003----km-y0itaa50------ba 101 0 $aita 102 $aIT 105 $ay|||z|||001yy 200 1 $aEconomia e gestione della banca$fRoberto Ruozi$gcon la collaborazione di Emanuele Carlucci, Paolo Antonio Cucurachi, Stefano Zorzoli 205 $a3. ed 210 $aMilano$cEgea$d2003 215 $aXVIII, 420 p.$d24 cm$e1 Floppy disk 225 2 $a<> manuali$v9 410 0$12001$a<> manuali$v9 606 0 $aBanche$xGestione 606 0 $aBanche$xEconomia 676 $a332.1068 700 1$aRUOZI,$bRoberto$068130 801 0$aIT$bsalbc$gISBD$gISBD 912 $a990001601510203316 951 $a332.106 RUO 2 (IRA 17 192)$b39666 G.$cIRA 17$d00093939 951 $a300 332.1068 RUO$b11454 DISES 959 $aBK 969 $aECO 969 $aDISES 979 $aMARIA$b10$c20040426$lUSA01$h1019 979 $aRENATO$b90$c20040715$lUSA01$h1309 979 $aRENATO$b90$c20040715$lUSA01$h1310 979 $aRSIAV3$b90$c20090406$lUSA01$h1353 979 $c20121027$lUSA01$h1549 979 $c20121027$lUSA01$h1601 979 $c20121027$lUSA01$h1610 996 $aEconomia e gestione della banca$965203 997 $aUNISA DEB $aUSA12005